Loading...
| History - European | 1 | 4 | 0 | 0 | 55 | 39 | 93.00 | 2 | 5 | 0.00 | 0.00 |
| History - Other | 0 | 3 | 0 | 0 | 30 | 93 | 98.67 | 0 | 3 | 0.00 | 0.00 |
| Current Events | 0 | 3 | 0 | 0 | 30 | 114 | 121.67 | 1 | 3 | 0.00 | 0.00 |
| History - World | 0 | 2 | 0 | 0 | 20 | 91 | 98.50 | 1 | 2 | 0.00 | 0.00 |
| History - American | 0 | 2 | 0 | 0 | 20 | 75 | 82.00 | 1 | 2 | 0.00 | 0.00 |
| Science - Biology | 0 | 2 | 0 | 1 | 20 | 109 | 119.00 | 0 | 2 | 0.00 | 0.00 |
| Social Science | 0 | 1 | 0 | 0 | 10 | 104 | 104.00 | 1 | 1 | 0.00 | 0.00 |
| Science - Other | 0 | 1 | 0 | 0 | 10 | 111 | 111.00 | 1 | 1 | 0.00 | 0.00 |
| Other Academic | 0 | 0 | 1 | 0 | -5 | 0.00 | 0 | 0 | 0.00 | 0.00 |